| 000 | 00779nam a2200253 i 4500 | ||
|---|---|---|---|
| 003 | DO-SdBNP | ||
| 005 | 20230920110444.0 | ||
| 006 | a||||gr|||| 00| 0 | ||
| 007 | ta | ||
| 008 | 230920n200? dr ||||| |||| 00| 0 spa d | ||
| 040 |
_aDO-SdBNP _bspa _cBNPHU _erda |
||
| 082 | 4 |
_222 _bF487c |
|
| 100 | 1 |
_aFilmore Swain, George _958496 |
|
| 245 | 1 | 0 |
_aComo se estudia. / _cGeorge Filmore Swain ; traductor J. Antonio Thomén. |
| 264 |
_aSanto Domingo : _b[sin editora] _c[200?] |
||
| 300 |
_a32 páginas ; _c21 cm. |
||
| 336 |
_2rdacontent _atexto _btxt |
||
| 337 |
_2rdamedia _asin mediación _bn |
||
| 338 |
_2rdacarrier _avolumen _bnc |
||
| 546 | _aTraducido del ingles. | ||
| 590 | _aInventariado 2023 / MF | ||
| 700 | 1 |
_aThomén, J. Antonio, _etraductor _958497 |
|
| 942 |
_2ddc _cLF2 |
||
| 999 |
_c54847 _d54847 |
||